Standardisation of production methods of latex crepes to suit end-use requirements (Record no. 69239)

MARC details
000 -LEADER
fixed length control field 00426nam a2200145Ia 4500
100 ## - MAIN ENTRY--AUTHOR NAME
Personal name Nadarajah M
245 #0 - TITLE STATEMENT
Title Standardisation of production methods of latex crepes to suit end-use requirements
260 ## - PUBLICATION, DISTRIBUTION, ETC. (IMPRINT)
Name of publisher Rubber Research Institute of Sri Lanka Bulletin
Year of publication 1974
300 ## - PHYSICAL DESCRIPTION
Number of Pages 45-49
650 ## - SUBJECT ADDED ENTRY--TOPICAL TERM
Topical Term EPDM
650 ## - SUBJECT ADDED ENTRY--TOPICAL TERM
Topical Term Latex crepes
700 ## - ADDED ENTRY--PERSONAL NAME
Personal name Muthukuda D S
942 ## - ADDED ENTRY ELEMENTS (KOHA)
Koha item type Journals
Holdings
Withdrawn status Lost status Damaged status Not for loan Home library Current library Shelving location Date acquired Serial Enumeration / chronology Koha item type
      Journals RRII Library RRII Library Rubber chemistry 17/12/2021 Volume 9, Issue 04-Mar Journals